00496nam a2200169 a 450000100100000000500170001000800410002702000150006804000250008308200180010810000350012624500580016126000370021930000280025665000200028465000220030400001936320200929170008.0100626s1991 flua r 000 p spa d a0917049608 aDO-SdBNPbspacBNPHU a861.44bG216p1 aGarcía Vega, Lorenzo,d1926-10aPoemas para penúltima vez /cLorenzo García Vega. aMiami :bSaeta Ediciones,c1991. a325 p. :bil. ;c23 cm. 4aPoesía cubana 4aLiteratura cubana